[Event "FBL 1"]
[Site "Deutschland"]
[Date "2009.12.05"]
[Round "3.4"]
[White "Umpfenbach, Carolin"]
[Black "Laake, Jasmin"]
[Result "1-0"]
[WhiteElo "2122"]
[BlackElo "2072"]
[PlyCount "79"]
[EventDate "2009.11.07"]
[EventType "team"]
[EventCountry "GER"]
[WhiteTeam "SV Medizin Erfurt"]
[BlackTeam "SK Lehrte"]

1. d4 Nf6 2. c4 g6 3. Nc3 Bg7 4. e4 d6 5. f3 O-O 6. Be3 e5 7. dxe5 dxe5 8. Qxd8
Rxd8 9. Nd5 Nxd5 10. cxd5 c6 11. Bc4 b5 12. Bb3 Bb7 13. Bg5 Rd7 14. dxc6 Nxc6
15. Ne2 h6 16. Be3 Nd4 17. Bd1 b4 18. Rc1 Ba6 19. Bd2 Bf8 20. Ng3 b3 21. axb3
Rb8 22. Bc3 Nxb3 23. Bxb3 Rxb3 24. Nf1 Bb4 25. Ne3 Bxc3+ 26. bxc3 Rb2 27. Nd5
Re2+ 28. Kd1 Rb7 29. Nb4 Bc4 30. Rc2 Re3 31. Kd2 Re2+ 32. Kd1 Rd7+ 33. Kc1 a5
34. Rxe2 Bxe2 35. Nd5 Rb7 36. Kc2 Bc4 37. Ra1 Rb5 38. Ne3 Bb3+ 39. Kd3 a4 40.
h4 $138 1-0

[Event "FBL 1"]
[Site "Deutschland"]
[Date "2009.12.05"]
[Round "3.5"]
[White "Schulze, Dorothee"]
[Black "Grohmann, Katrin"]
[Result "1-0"]
[WhiteElo "1980"]
[BlackElo "1898"]
[PlyCount "97"]
[EventDate "2009.11.07"]
[EventType "team"]
[EventCountry "GER"]
[WhiteTeam "SK Lehrte"]
[BlackTeam "SV Medizin Erfurt"]

1. e4 c5 2. Nf3 d6 3. d4 cxd4 4. Nxd4 Nf6 5. Nc3 a6 6. a4 e5 7. Nf3 Be6 8. Ng5
Qc7 9. Nxe6 fxe6 10. Qd3 Nbd7 11. Qc4 Qxc4 12. Bxc4 Kf7 13. O-O Rc8 14. Ba2 Nc5
15. f3 Be7 16. Be3 Rhd8 17. Rad1 Rd7 18. f4 exf4 19. Bxf4 Ncxe4 20. Nxe4 Nxe4
21. Bxd6+ Nf6 22. Bxe7 Rxd1 23. Rxd1 Kxe7 24. c3 a5 25. Kf2 Ne4+ 26. Ke3 Nc5
27. Rd4 Rc6 28. Bb1 h6 29. Rg4 Kf7 30. Rc4 Rc7 31. b4 axb4 32. cxb4 Na6 33.
Rxc7+ Nxc7 34. Be4 b6 35. Kd4 Ke7 36. Ke5 Na6 37. a5 Nxb4 38. axb6 Kd7 39. Kd4
Kc8 40. Kc5 Na2 41. Kd6 Nc3 42. Bf3 Na4 43. b7+ Kb8 44. Bc6 Nc3 45. Kxe6 h5 46.
Kf5 Ne2 47. Kg5 Nd4 48. Be4 Ne6+ 49. Kxh5 1-0

[Event "FBL 1"]
[Site "Deutschland"]
[Date "2009.12.05"]
[Round "3.6"]
[White "Kube, Hannelore"]
[Black "Saal, Hilkka"]
[Result "1-0"]
[WhiteElo "2001"]
[BlackElo "1695"]
[PlyCount "75"]
[EventDate "2009.11.07"]
[EventType "team"]
[EventCountry "GER"]
[WhiteTeam "SV Medizin Erfurt"]
[BlackTeam "SK Lehrte"]

1. c4 Nf6 2. Nc3 g6 3. e4 d6 4. g3 Bg7 5. Bg2 O-O 6. Nge2 e5 7. O-O Nc6 8. d3
Bd7 9. h3 Qc8 10. Kh2 Rb8 11. Bg5 h6 12. Be3 a6 13. Qd2 Kh7 14. Rac1 b6 15. b3
Ne8 16. Nd5 Nd4 17. f4 c5 18. f5 Nxe2 19. Qxe2 Nf6 20. Nxf6+ Bxf6 21. Qd2 g5
22. h4 Rg8 23. hxg5 Bxg5 24. Rh1 Qd8 25. Bf3 Qf6 26. Kg2 Kg7 27. Rh5 Kf8 28.
Rch1 Ke7 29. Bxg5 Rxg5 30. Rxh6 Rbg8 31. Rxf6 Rxg3+ 32. Kf2 Kxf6 33. Qh6+ Ke7
34. Qh4+ R3g5 35. Rg1 f6 36. Rxg5 Rxg5 37. Qh7+ Kd8 38. Qf7 1-0

[Event "FBL 1"]
[Site "Deutschland"]
[Date "2009.12.06"]
[Round "4.1"]
[White "Mueller Ludwig, Kristin"]
[Black "Michna, Marta"]
[Result "0-1"]
[WhiteElo "2151"]
[BlackElo "2366"]
[PlyCount "80"]
[EventDate "2009.11.07"]
[EventType "team"]
[EventCountry "GER"]
[WhiteTeam "SV Medizin Erfurt"]
[BlackTeam "Hamburger SK von 1830"]

1. e4 e6 2. d4 d5 3. Nc3 Bb4 4. e5 c5 5. a3 Bxc3+ 6. bxc3 Qc7 7. Nf3 b6 8. Bb5+
Bd7 9. Bd3 Ba4 10. O-O Ne7 11. Re1 h6 12. Kh1 Nd7 13. Bd2 a6 14. Ng1 Bb5 15. f4
Bxd3 16. cxd3 c4 17. Qf3 b5 18. Ne2 Nb6 19. g4 h5 20. gxh5 Nf5 21. Rg1 g6 22.
hxg6 fxg6 23. Ng3 Qh7 24. Nf1 O-O-O 25. a4 bxa4 26. dxc4 Nxc4 27. Qd3 Qh3 28.
Qe2 a3 29. Rxg6 Rdg8 30. Rxg8+ Rxg8 31. Be1 Rg4 32. Qf2 Qd3 33. Ng3 Rg7 34. Ra2
Rb7 35. Nxf5 Qxf5 36. Qg3 Rb2 37. Ra1 a2 38. Kg1 Qh7 39. h4 Kd7 40. Qg5 Ne3 0-1

[Event "FBL 1"]
[Site "Deutschland"]
[Date "2009.12.06"]
[Round "4.2"]
[White "Voiska, Margarita"]
[Black "Troyke, Doreen"]
[Result "1/2-1/2"]
[WhiteElo "2349"]
[BlackElo "2105"]
[PlyCount "87"]
[EventDate "2009.11.07"]
[EventType "team"]
[EventCountry "GER"]
[WhiteTeam "Hamburger SK von 1830"]
[BlackTeam "SV Medizin Erfurt"]

1. Nf3 Nf6 2. d4 d5 3. e3 c6 4. Bd3 Bg4 5. Nbd2 e6 6. c3 Bd6 7. Qb3 Qb6 8. Qc2
Nbd7 9. c4 c5 10. O-O Rc8 11. b3 O-O 12. Bb2 Bxf3 13. Nxf3 Qc7 14. cxd5 exd5
15. dxc5 Qa5 16. a3 Rxc5 17. Qd1 Qd8 18. Bf5 Qe7 19. Bxd7 Qxd7 20. Bxf6 gxf6
21. Nd4 Be5 22. f4 Bxd4 23. Qxd4 Qe7 24. Rf3 Rfc8 25. h3 b6 26. Rg3+ Kf8 27.
Kh2 Rc3 28. Qxd5 Rxe3 29. Rxe3 Qxe3 30. Rf1 Rc1 31. Qd6+ Kg7 32. Rxc1 Qxc1 33.
f5 Qc2 34. Qg3+ Kf8 35. Qb8+ Kg7 36. Qxa7 Qxb3 37. Qb8 Qxa3 38. Qxb6 Qd3 39.
Qf2 Qe4 40. g4 Qe5+ 41. Kg2 Qe4+ 42. Kg3 Qd3+ 43. Kh4 Qc3 44. Qf4 1/2-1/2

[Event "FBL 1"]
[Site "Deutschland"]
[Date "2009.12.06"]
[Round "4.3"]
[White "Anisheva, Varvara"]
[Black "Kadziolka, Beata"]
[Result "0-1"]
[WhiteElo "2155"]
[BlackElo "2292"]
[PlyCount "78"]
[EventDate "2009.11.07"]
[EventType "team"]
[EventCountry "GER"]
[WhiteTeam "SV Medizin Erfurt"]
[BlackTeam "Hamburger SK von 1830"]

1. Nf3 g6 2. g3 Bg7 3. Bg2 f5 4. d3 Nf6 5. O-O d6 6. Nbd2 O-O 7. c3 Nc6 8. e4
e5 9. Qb3+ Kh8 10. Ng5 Qe7 11. exf5 gxf5 12. Ndf3 h6 13. Nh4 Qe8 14. Ngf3 Rb8
15. Bd2 Be6 16. Qc2 Qh5 17. Ne1 f4 18. Bf3 Qf7 19. Neg2 Ne7 20. Kh1 Bd5 21. Qd1
Bxf3 22. Qxf3 Nh5 23. g4 Nf6 24. h3 Nh7 25. Qd1 Ng5 26. Kh2 Qd5 27. Ne1 e4 28.
dxe4 Nxe4 29. Nhf3 Ng6 30. Qc2 Rbe8 31. Rd1 Qc4 32. Ng2 Qf7 33. Nfh4 f3 34.
Nxg6+ Qxg6 35. Nh4 Be5+ 36. Kg1 Qg7 37. Kh1 d5 38. Nf5 Rxf5 39. Be3 Rh5 {
später 0 : 1} 0-1

[Event "FBL 1"]
[Site "Deutschland"]
[Date "2009.12.06"]
[Round "4.4"]
[White "Zickelbein, Eva Maria"]
[Black "Umpfenbach, Carolin"]
[Result "1/2-1/2"]
[WhiteElo "2058"]
[BlackElo "2122"]
[PlyCount "84"]
[EventDate "2009.11.07"]
[EventType "team"]
[EventCountry "GER"]
[WhiteTeam "Hamburger SK von 1830"]
[BlackTeam "SV Medizin Erfurt"]

1. e4 e6 2. d3 d5 3. Nd2 Nf6 4. Ngf3 c5 5. g3 Nc6 6. Bg2 Be7 7. O-O Rb8 8. Re1
b5 9. e5 Nd7 10. Nf1 a5 11. a4 b4 12. h4 h6 13. c4 bxc3 14. bxc3 Nb6 15. Ba3
Bd7 16. N1d2 O-O 17. Nh2 d4 18. c4 Nb4 19. Bxb4 axb4 20. Qh5 Qe8 21. a5 Nc8 22.
Qg4 Na7 23. Ne4 Kh7 24. Nf3 f6 25. Ned2 f5 26. Qf4 Qd8 27. Nb3 g5 28. hxg5 hxg5
29. Qd2 Bc6 30. Nxc5 Bxc5 31. Nxg5+ Kg6 32. Nxe6 Qe7 33. Nf4+ Kf7 34. e6+ Ke8
35. Bxc6+ Nxc6 36. Nd5 Qg7 37. Qf4 Rb7 38. a6 Ra7 39. e7 Bxe7 40. Nc7+ Kd7 41.
Nb5 Bc5 42. Nxa7 Bxa7 1/2-1/2

[Event "FBL 1"]
[Site "Deutschland"]
[Date "2009.12.06"]
[Round "4.6"]
[White "Schmidt, Jade"]
[Black "Kube, Hannelore"]
[Result "1-0"]
[WhiteElo "2003"]
[BlackElo "2001"]
[PlyCount "63"]
[EventDate "2009.11.07"]
[EventType "team"]
[EventCountry "GER"]
[WhiteTeam "Hamburger SK von 1830"]
[BlackTeam "SV Medizin Erfurt"]

1. d4 f5 2. Nf3 Nf6 3. c4 e6 4. Nc3 Be7 5. d5 O-O 6. e3 Na6 7. Be2 Nc5 8. O-O
Nfe4 9. Nb5 a6 10. Nbd4 Bf6 11. Qc2 d6 12. dxe6 Nxe6 13. Nxf5 N6g5 14. Nxg5
Bxg5 15. Qxe4 Bxf5 16. Qd5+ Kh8 17. e4 Bxc1 18. Raxc1 Bg6 19. b3 b6 20. f4 Qf6
21. e5 dxe5 22. fxe5 Qe7 23. Rcd1 Rxf1+ 24. Bxf1 h6 25. Qxa8+ Kh7 26. Qd5 Bf7
27. Bd3+ Kg8 28. Qa8+ Be8 29. Bg6 Qxe5 30. Qxe8+ Qxe8 31. Bxe8 Kf8 32. Bc6 1-0

[Event "FBL 1"]
[Site "Deutschland"]
[Date "2009.12.06"]
[Round "4.1"]
[White "Berend, Elvira"]
[Black "Paulet, Iozefina"]
[Result "1/2-1/2"]
[WhiteElo "2339"]
[BlackElo "2320"]
[PlyCount "114"]
[EventDate "2009.11.07"]
[EventType "team"]
[EventCountry "GER"]
[WhiteTeam "Karlsruher SF 1853"]
[BlackTeam "SK Großlehna"]

1. e4 e6 2. d3 d5 3. Nd2 c5 4. Ngf3 Nc6 5. g3 Bd6 6. Bg2 Nge7 7. O-O O-O 8. Nh4
Rb8 9. f4 f6 10. a4 a6 11. c3 b5 12. axb5 axb5 13. Nhf3 c4 14. dxc4 bxc4 15.
Kh1 Qc7 16. Re1 Na5 17. exd5 exd5 18. Nd4 Bc5 19. N2f3 Kh8 20. Ra2 Nb7 21. Ne6
Bxe6 22. Rxe6 Nd6 23. Nd4 Rfe8 24. Re1 Ne4 25. Be3 Qb6 26. Bxe4 dxe4 27. Qe2
Nd5 28. Qxc4 Nxe3 29. Rxe3 Rbd8 30. Re1 Bxd4 31. cxd4 Rxd4 32. Qf7 Rg8 33. b3
Qc6 34. Rae2 h6 35. Qa7 Rgd8 36. Kg1 f5 37. Qa5 R4d5 38. Qb4 Rb5 39. Qc4 Qb6+
40. Re3 Rb8 41. Kg2 Rxb3 42. Qxb3 Qxb3 43. Rxb3 Rxb3 44. Rc1 Rb2+ 45. Kh3 g5
46. fxg5 hxg5 47. Rc5 Rf2 48. g4 f4 49. Rc8+ Kg7 50. Rg8+ Kf6 51. Rf8+ Ke5 52.
Re8+ Kd5 53. Rd8+ Kc5 54. Rd5+ Kc4 55. Rd4+ Kc3 56. Rd3+ Kc2 57. Rd2+ Kxd2
1/2-1/2

[Event "FBL 1"]
[Site "Deutschland"]
[Date "2009.12.06"]
[Round "4.2"]
[White "Kulovana, Eva"]
[Black "Wagener, Anna"]
[Result "1-0"]
[WhiteElo "2287"]
[BlackElo "2223"]
[PlyCount "105"]
[EventDate "2009.11.07"]
[EventType "team"]
[EventCountry "GER"]
[WhiteTeam "SK Großlehna"]
[BlackTeam "Karlsruher SF 1853"]

1. e4 c5 2. Nf3 e6 3. b3 d6 4. Bb2 Nf6 5. e5 dxe5 6. Nxe5 Be7 7. Bd3 Nbd7 8.
O-O Nxe5 9. Bxe5 Bd7 10. Nc3 Bc6 11. Qe2 O-O 12. Rae1 Bd6 13. f4 a6 14. a4 b6
15. Bxa6 Bxe5 16. fxe5 Qd4+ 17. Kh1 Nh5 18. Bb5 Qh4 19. Qf2 Qxf2 20. Rxf2 Bb7
21. Be2 g6 22. Bxh5 gxh5 23. Ne4 Bxe4 24. Rxe4 b5 25. h3 bxa4 26. bxa4 Rfb8 27.
Kh2 Rb4 28. Rff4 Raxa4 29. Rxb4 cxb4 30. Kg3 Ra2 31. Rxb4 Rxc2 32. Rd4 Kg7 33.
Kf4 Rc1 34. Rd3 Rc4+ 35. Kg5 Rc5 36. Re3 Rd5 37. d3 f6+ 38. Kxh5 fxe5 39. Rg3+
Kf6 40. Kh6 e4 41. dxe4 Rd4 42. Rg4 Ke5 43. Kxh7 Rxe4 44. Rxe4+ Kxe4 45. g4 Kf4
46. Kh6 e5 47. g5 e4 48. g6 e3 49. g7 e2 50. g8=Q e1=Q 51. Qg5+ Kf3 52. Qg4+
Kf2 53. Qh4+ 1-0

[Event "FBL 1"]
[Site "Deutschland"]
[Date "2009.12.06"]
[Round "4.3"]
[White "Mader, Manuela"]
[Black "Voicu, Carmen"]
[Result "0-1"]
[WhiteElo "2185"]
[BlackElo "2285"]
[PlyCount "82"]
[EventDate "2009.11.07"]
[EventType "team"]
[EventCountry "GER"]
[WhiteTeam "Karlsruher SF 1853"]
[BlackTeam "SK Großlehna"]

1. e4 c5 2. c3 d5 3. exd5 Qxd5 4. d4 Nf6 5. Nf3 e6 6. Be3 cxd4 7. cxd4 Nc6 8.
Nc3 Qd6 9. a3 Be7 10. Bd3 O-O 11. Qc2 Bd7 12. Nb5 Qb8 13. Bg5 h6 14. Be3 Nd5
15. O-O Rd8 16. Qd2 Bf8 17. Nc3 Nce7 18. Ne5 Be8 19. Rac1 a6 20. Bb1 Qa7 21.
Qd3 g6 22. Qd2 Nxe3 23. fxe3 Bg7 24. Qf2 Nf5 25. g4 Bxe5 26. gxf5 Rxd4 27. fxe6
f5 28. Bxf5 Bc6 29. Be4 Rxe4 30. Nxe4 Bxe4 31. e7 Bf5 32. Qd2 Kg7 33. Rf3 Qb6
34. Qd5 Qxb2 35. Rd1 Qxh2+ 36. Kf1 Bh3+ 37. Rxh3 Qxh3+ 38. Ke2 Qh5+ 39. Kd2 Re8
40. Qd7 g5 41. Rh1 Qf7 0-1

[Event "FBL 1"]
[Site "Deutschland"]
[Date "2009.12.06"]
[Round "4.4"]
[White "Pertlova, Sona"]
[Black "Lauterbach, Ingrid"]
[Result "1-0"]
[WhiteElo "2232"]
[BlackElo "2163"]
[PlyCount "45"]
[EventDate "2009.11.07"]
[EventType "team"]
[EventCountry "GER"]
[WhiteTeam "SK Großlehna"]
[BlackTeam "Karlsruher SF 1853"]

1. d4 d6 2. g3 Nd7 3. c4 e5 4. Nf3 e4 5. Ng5 f5 6. Ne6 Qe7 7. Nxc7+ Kd8 8. Nxa8
b6 9. Nc3 Ngf6 10. Bg5 h6 11. Nd5 Qf7 12. Bxf6+ gxf6 13. Nac7 a6 14. e3 h5 15.
h4 Bh6 16. Be2 Bg7 17. Qa4 Nb8 18. Qb4 b5 19. Qxd6+ Bd7 20. cxb5 axb5 21. Qb6
Nc6 22. Ne6+ Ke8 23. Ndc7+ 1-0

[Event "FBL 1"]
[Site "Deutschland"]
[Date "2009.12.06"]
[Round "4.5"]
[White "Nill, Jessica"]
[Black "Lehmann, Christina"]
[Result "1-0"]
[WhiteElo "2237"]
[BlackElo "2095"]
[PlyCount "57"]
[EventDate "2009.11.07"]
[EventType "team"]
[EventCountry "GER"]
[WhiteTeam "Karlsruher SF 1853"]
[BlackTeam "SK Großlehna"]

1. d4 Nf6 2. c4 e6 3. Nc3 Bb4 4. e3 O-O 5. Nge2 d5 6. a3 Be7 7. Nf4 c6 8. Bd3
Nbd7 9. O-O dxc4 10. Bxc4 e5 11. Nfe2 exd4 12. exd4 Nb6 13. Bd3 Bd6 14. h3 h6
15. Nf4 Bxf4 16. Bxf4 Be6 17. Re1 Qd7 18. Be5 Nbd5 19. Qf3 Rfe8 20. Ne4 Nxe4
21. Qxe4 g6 22. Qf3 Qe7 23. Re2 Qg5 24. Rae1 h5 25. Bg3 Bd7 26. Be4 Be6 27. h4
Qd8 28. Bxg6 Qf6 29. Bxh5 1-0

[Event "FBL 1"]
[Site "Deutschland"]
[Date "2009.12.06"]
[Round "4.6"]
[White "Nagel, Verena"]
[Black "Vidonyak, Nellya"]
[Result "0-1"]
[WhiteElo "2043"]
[BlackElo "2175"]
[PlyCount "116"]
[EventDate "2009.11.07"]
[EventType "team"]
[EventCountry "GER"]
[WhiteTeam "SK Großlehna"]
[BlackTeam "Karlsruher SF 1853"]

1. d4 d5 2. Nf3 Nf6 3. c4 e6 4. Nc3 Be7 5. e3 O-O 6. Qc2 Nbd7 7. a3 b6 8. cxd5
exd5 9. Nxd5 Nxd5 10. Qc6 Nxe3 11. Bxe3 Rb8 12. Rc1 Bd6 13. Bc4 Bb7 14. Qa4
Bxf3 15. gxf3 b5 16. Bxb5 Nb6 17. Qc2 Nd5 18. Bd3 Qh4 19. Kd1 Rfe8 20. Be4 Nf4
21. Kd2 g6 22. Rcg1 Qf6 23. h4 c5 24. Rb1 cxd4 25. Bxf4 Qxf4+ 26. Kd1 f5 27.
Bd5+ Kh8 28. Qd2 Qe5 29. Ba2 Qf4 30. Bd5 Rbd8 31. Qxf4 Bxf4 32. Bc4 d3 33. b3
Re2 34. Re1 Rd2+ 35. Kc1 Rxf2+ 36. Kd1 Rd2+ 37. Kc1 Rh2+ 38. Kd1 Rxh4 39. Rb2
d2 40. Rg1 Be3 41. Rf1 Rhd4 42. a4 Bf4 43. Rb1 Re8 44. Kc2 Bg3 45. Rbd1 Re1 46.
Bd3 Rxd1 47. Rxd1 Be1 48. a5 h5 49. Rb1 Rb4 50. Kd1 h4 51. Bf1 g5 52. Ke2 g4
53. fxg4 fxg4 54. Bg2 h3 55. Bf1 Rf4 56. b4 Rf2+ 57. Ke3 Rxf1 58. b5 Bf2+ 0-1

[Event "FBL 1"]
[Site "Deutschland"]
[Date "2009.12.06"]
[Round "4.1"]
[White "Cmilyte, Viktorija"]
[Black "Ohme, Melanie"]
[Result "1/2-1/2"]
[WhiteElo "2476"]
[BlackElo "2310"]
[PlyCount "111"]
[EventDate "2009.11.07"]
[EventType "team"]
[EventCountry "GER"]
[WhiteTeam "OSG - SG Baden-Baden 1922"]
[BlackTeam "SC Leipzig-Gohlis"]

1. d4 Nf6 2. c4 g6 3. Nf3 Bg7 4. g3 O-O 5. Bg2 d6 6. O-O Nc6 7. Nc3 a6 8. h3
Bd7 9. e4 e5 10. dxe5 dxe5 11. Be3 Be6 12. b3 Qxd1 13. Raxd1 Rad8 14. Nd5 Nxe4
15. Nxc7 Rxd1 16. Rxd1 Nc3 17. Rd2 Bf5 18. Nd5 e4 19. Ng5 h6 20. g4 hxg5 21.
gxf5 gxf5 22. Bxg5 Nxd5 23. Rxd5 Ne5 24. Be3 Re8 25. h4 Ng6 26. h5 f4 27. hxg6
fxe3 28. gxf7+ Kxf7 29. fxe3 Re5 30. Rd1 Ke7 31. Kf2 b6 32. Bh3 Bf8 33. Rd7+
Ke8 34. Rb7 Bc5 35. Bg2 Re7 36. Rb8+ Kf7 37. Ke2 a5 38. Rh8 Kg6 39. Rg8+ Kf5
40. Bh3+ Kf6 41. Rg4 Bd6 42. Bf1 Kf5 43. Rg8 Rh7 44. Bg2 Rh2 45. Kf2 Rh7 46.
Rd8 Rh6 47. Re8 Rh4 48. Rd8 Rh6 49. Rd7 Ke5 50. Rb7 Bc5 51. Rb8 Rf6+ 52. Ke2
Rf8 53. Rb7 Rg8 54. Kf2 Rf8+ 55. Ke2 Rg8 56. Kf2 1/2-1/2

[Event "FBL 1"]
[Site "Deutschland"]
[Date "2009.12.06"]
[Round "4.2"]
[White "Reizniece, Dana"]
[Black "Arakhamia Grant, Ketevan"]
[Result "0-1"]
[WhiteElo "2341"]
[BlackElo "2488"]
[PlyCount "82"]
[EventDate "2009.11.07"]
[EventType "team"]
[EventCountry "GER"]
[WhiteTeam "SC Leipzig-Gohlis"]
[BlackTeam "OSG - SG Baden-Baden 1922"]

1. c4 g6 2. Nc3 Bg7 3. Nf3 d6 4. d4 Bg4 5. e3 Nf6 6. Be2 O-O 7. h3 Bd7 8. O-O
Re8 9. d5 e5 10. dxe6 fxe6 11. e4 Nc6 12. c5 dxc5 13. e5 Nd5 14. Bg5 Nce7 15.
Ne4 Rf8 16. Nxc5 b6 17. Ne4 h6 18. Bf6 Bxf6 19. exf6 Nxf6 20. Nxf6+ Rxf6 21.
Ne5 Nd5 22. Ng4 Rf8 23. Nxh6+ Kh7 24. Ng4 Qg5 25. g3 Rad8 26. h4 Qe7 27. Qd2
Qg7 28. Qg5 Ne7 29. Bd3 Nf5 30. h5 Bc8 31. Rad1 Rd5 32. Be4 Ra5 33. b4 Rxa2 34.
Kg2 Re2 35. hxg6+ Qxg6 36. Bxf5 exf5 37. Qh4+ Kg7 38. Kf3 fxg4+ 39. Kxe2 Qc2+
40. Ke3 Re8+ 41. Kd4 Re4+ 0-1

[Event "FBL 1"]
[Site "Deutschland"]
[Date "2009.12.06"]
[Round "4.3"]
[White "Zatonskih, Anna"]
[Black "Fuchs, Judith"]
[Result "1/2-1/2"]
[WhiteElo "2466"]
[BlackElo "2188"]
[PlyCount "99"]
[EventDate "2009.11.07"]
[EventType "team"]
[EventCountry "GER"]
[WhiteTeam "OSG - SG Baden-Baden 1922"]
[BlackTeam "SC Leipzig-Gohlis"]

1. d4 Nf6 2. c4 g6 3. Nc3 Bg7 4. g3 O-O 5. Bg2 d6 6. Nf3 Nc6 7. O-O a6 8. h3
Bd7 9. e4 e5 10. dxe5 dxe5 11. Be3 Be6 12. b3 Qxd1 13. Rfxd1 Rad8 14. Nd5 Nxe4
15. Nxc7 Rxd1+ 16. Rxd1 Nc3 17. Rd2 Bf5 18. Nd5 e4 19. Ng5 h6 20. g4 Bxg4 21.
hxg4 hxg5 22. Bxg5 f5 23. gxf5 gxf5 24. Ne7+ Nxe7 25. Bxe7 Re8 26. Rd7 b6 27.
Bh3 f4 28. Be6+ Kh8 29. Bf7 Rc8 30. a4 Ne2+ 31. Kf1 Nd4 32. b4 e3 33. fxe3 fxe3
34. Rd5 e2+ 35. Ke1 Be5 36. Rxe5 Nf3+ 37. Kxe2 Nxe5 38. Bf6+ Kh7 39. Bxe5 Rf8
40. Bd4 Rxf7 41. Bxb6 Rf4 42. Kd3 Kg6 43. a5 Kf7 44. b5 axb5 45. cxb5 Rb4 46.
a6 Rxb5 47. a7 Rb3+ 48. Kc4 Ra3 49. Kb5 Rxa7 50. Bxa7 1/2-1/2

[Event "FBL 1"]
[Site "Deutschland"]
[Date "2009.12.06"]
[Round "4.4"]
[White "Beltz, Franziska"]
[Black "Moser, Eva"]
[Result "0-1"]
[WhiteElo "2132"]
[BlackElo "2431"]
[PlyCount "44"]
[EventDate "2009.11.07"]
[EventType "team"]
[EventCountry "GER"]
[WhiteTeam "SC Leipzig-Gohlis"]
[BlackTeam "OSG - SG Baden-Baden 1922"]

1. e4 e6 2. d4 d5 3. Nc3 Nf6 4. e5 Nfd7 5. f4 c5 6. Nf3 Nc6 7. Be3 Be7 8. Qd2
a6 9. O-O-O c4 10. f5 b5 11. fxe6 fxe6 12. Ne2 Nb6 13. Bg5 O-O 14. h4 b4 15. c3
a5 16. Rh3 a4 17. Bxe7 Qxe7 18. Ng5 a3 19. Qc2 axb2+ 20. Kb1 g6 21. Rg3 b3 22.
Qxb2 Rxa2 0-1

[Event "FBL 1"]
[Site "Deutschland"]
[Date "2009.12.06"]
[Round "4.5"]
[White "Mietzner, Tina"]
[Black "Ulms, Sandra"]
[Result "1-0"]
[WhiteElo "2246"]
[BlackElo "2127"]
[PlyCount "113"]
[EventDate "2009.11.07"]
[EventType "team"]
[EventCountry "GER"]
[WhiteTeam "OSG - SG Baden-Baden 1922"]
[BlackTeam "SC Leipzig-Gohlis"]

1. e4 c5 2. Nf3 d6 3. d4 cxd4 4. Nxd4 Nf6 5. Nc3 g6 6. Be3 Bg7 7. f3 O-O 8. Bc4
Nc6 9. Qd2 Bd7 10. O-O-O Ne5 11. Bb3 Qa5 12. Kb1 Rfc8 13. Bg5 Nc4 14. Bxc4 Rxc4
15. Nb3 Qa6 16. Bxf6 exf6 17. Qxd6 Qxd6 18. Rxd6 Be6 19. Rhd1 Bf8 20. Rd8 Rxd8
21. Rxd8 Rc8 22. Rxc8 Bxc8 23. Nd5 Kg7 24. c4 Bd6 25. h3 f5 26. Kc2 fxe4 27.
fxe4 f5 28. Kd3 fxe4+ 29. Kxe4 Bf5+ 30. Kd4 Bg3 31. Nc3 Kf7 32. Ne4 Bh2 33.
Nbc5 b6 34. Nd3 Bxe4 35. Kxe4 Ke6 36. b4 Kd6 37. c5+ bxc5 38. bxc5+ Kc6 39. Kd4
a5 40. Kc4 h5 41. Nc1 Bg3 42. Nb3 Be1 43. Nd4+ Kd7 44. Kb5 g5 45. Nb3 a4 46.
Nd4 Bf2 47. Ne2 a3 48. Nc3 Bd4 49. c6+ Ke6 50. Nb1 g4 51. hxg4 hxg4 52. Nxa3
Be5 53. Kb6 Kd5 54. c7 Bxc7+ 55. Kxc7 Kd4 56. Nc2+ Kd3 57. a4 1-0

[Event "FBL 1"]
[Site "Deutschland"]
[Date "2009.12.06"]
[Round "4.1"]
[White "Kludacz, Magdalena"]
[Black "Vasilevich, Tatjana"]
[Result "1/2-1/2"]
[WhiteElo "2202"]
[BlackElo "2424"]
[PlyCount "109"]
[EventDate "2009.11.07"]
[EventType "team"]
[EventCountry "GER"]
[WhiteTeam "SAV Torgelow"]
[BlackTeam "Rodewischer Schachmiezen"]

1. d4 Nf6 2. c4 g6 3. Nc3 Bg7 4. e4 d6 5. f3 O-O 6. Bg5 c5 7. d5 e6 8. Qd2 exd5
9. cxd5 a6 10. a4 Re8 11. Nge2 Nbd7 12. Nc1 h6 13. Be3 Nh5 14. Be2 Qh4+ 15. Bf2
Qg5 16. Qxg5 hxg5 17. O-O Nf4 18. Bg3 Ne5 19. a5 Bd7 20. Na4 Bb5 21. Bxf4 gxf4
22. Nb6 Rad8 23. Rb1 Nd7 24. Nxd7 Rxd7 25. Bxb5 axb5 26. b4 c4 27. Ne2 g5 28.
h4 gxh4 29. Nxf4 b6 30. axb6 Rb7 31. g3 hxg3 32. Nh5 Be5 33. Kg2 Rxb6 34. Nxg3
Ra6 35. Nf5 Kf8 36. Rf2 Rc8 37. f4 Bf6 38. Re2 c3 39. e5 Re8 40. Rbe1 dxe5 41.
fxe5 c2 42. Rxc2 Bxe5 43. Rc5 Rf6 44. Rf1 Rb8 45. Rc6 Rd8 46. Rxf6 Bxf6 47. d6
Ke8 48. Rc1 Kd7 49. Rc5 Ke6 50. Rxb5 Be5 51. Ne3 Bxd6 52. Rb6 Rb8 53. Rxb8 Bxb8
54. Kf3 Ke5 55. Ng4+ 1/2-1/2

[Event "FBL 1"]
[Site "Deutschland"]
[Date "2009.12.06"]
[Round "4.2"]
[White "Pokorna, Regina"]
[Black "Jakubiec, Edyta"]
[Result "1/2-1/2"]
[WhiteElo "2382"]
[BlackElo "2185"]
[PlyCount "132"]
[EventDate "2009.11.07"]
[EventType "team"]
[EventCountry "GER"]
[WhiteTeam "Rodewischer Schachmiezen"]
[BlackTeam "SAV Torgelow"]

1. e4 c5 2. c3 d5 3. exd5 Qxd5 4. d4 Nf6 5. Nf3 Bg4 6. Be2 cxd4 7. cxd4 e6 8.
Nc3 Qd8 9. Qb3 Qb6 10. Bb5+ Nbd7 11. Ne5 Qxd4 12. Nxd7 Nxd7 13. Be3 Qb4 14.
Bxd7+ Kxd7 15. Qc2 Bd6 16. O-O Bf5 17. Qe2 Rhd8 18. Rfd1 Ke8 19. a3 Qb3 20. Nb5
Bd3 21. Rxd3 Qxb5 22. Rad1 a6 23. a4 Qc6 24. Bd4 Bf8 25. a5 Qb5 26. Bb6 Rxd3
27. Rxd3 Bc5 28. Bxc5 Qxc5 29. Qd2 Qc7 30. h3 Rd8 31. Rxd8+ Qxd8 32. Qc3 Kf8
33. Qb4+ Qe7 34. Qc4 g6 35. h4 h5 36. g3 Qd7 37. Qc5+ Kg8 38. b4 Qd5 39. Qe7
Kg7 40. Kh2 Qf3 41. Kg1 Qc6 42. Qd8 Qc1+ 43. Kg2 Qc4 44. Qe7 Qc6+ 45. Kh2 b6
46. Qd8 bxa5 47. Qd4+ Kg8 48. Qd8+ Kg7 49. Qd4+ Kh7 50. bxa5 Qc7 51. Qb4 Kg8
52. Qb6 Qc4 53. Qb8+ Kg7 54. Qe5+ Kh7 55. Kg1 Qc1+ 56. Kg2 Qc6+ 57. Kg1 Qc1+
58. Kg2 Qc6+ 59. Kg1 Kg8 60. Qb8+ Kg7 61. Qe5+ Kf8 62. Qb8+ Ke7 63. Qa7+ Kf6
64. Qd4+ Ke7 65. Qa7+ Kf6 66. Qd4+ Ke7 1/2-1/2

[Event "FBL 1"]
[Site "Deutschland"]
[Date "2009.12.06"]
[Round "4.3"]
[White "Chlost, Marlena"]
[Black "Rudolf, Anna"]
[Result "1-0"]
[WhiteElo "2171"]
[BlackElo "2295"]
[PlyCount "147"]
[EventDate "2009.11.07"]
[EventType "team"]
[EventCountry "GER"]
[WhiteTeam "SAV Torgelow"]
[BlackTeam "Rodewischer Schachmiezen"]

1. e4 e6 2. d4 d5 3. e5 c5 4. c3 Nc6 5. Nf3 Nge7 6. Na3 Nf5 7. Nc2 Be7 8. Be2
cxd4 9. cxd4 Bd7 10. O-O h5 11. b4 Rc8 12. a3 Qb6 13. Kh1 h4 14. Rg1 a6 15. g4
hxg3 16. fxg3 Nd8 17. Nce1 a5 18. g4 Nh6 19. Nd3 Bb5 20. Rb1 axb4 21. Nxb4 Bxe2
22. Qxe2 Qa5 23. Qd3 Bxb4 24. axb4 Qa2 25. Qb5+ Rc6 26. Nd2 Qa6 27. Qxa6 Rxa6
28. b5 Ra4 29. Nf3 b6 30. Rg2 Kd7 31. Bxh6 Rxh6 32. Rc2 f6 33. Rbc1 Ra7 34. Kg2
Nf7 35. Rc6 Rb7 36. Kg3 Rh8 37. h4 Ra8 38. g5 fxg5 39. Nxg5 Nxg5 40. hxg5 Ra3+
41. Kg4 Rd3 42. Rd6+ Ke7 43. Rcc6 Rxd4+ 44. Kh5 Re4 45. Rxe6+ Kd8 46. Rcd6+ Rd7
47. Rxd7+ Kxd7 48. Rd6+ Ke7 49. Rxd5 Ke6 50. Rd6+ Kxe5 51. Rxb6 Kf5 52. Rc6 Re5
53. b6 Rb5 54. Rd6 Rb1 55. Rd5+ Ke6 56. Rd2 Rxb6 57. Kg6 Rb7 58. Re2+ Kd6 59.
Kh7 Ra7 60. g6 Rb7 61. Re8 Kd7 62. Rg8 Rb2 63. Rxg7+ Ke8 64. Rf7 Rg2 65. Kg7
Rg1 66. Rf2 Ke7 67. Re2+ Kd7 68. Kf7 Rf1+ 69. Kg8 Rg1 70. g7 Kd6 71. Re4 Kd5
72. Re7 Kd6 73. Kf8 Rf1+ 74. Rf7 1-0